LIBRARY & INFORMATION CENTRE, KCAET, TAVANUR

ONLINE PUBLIC ACCESS CATALOGUE (OPAC)

Handbook of Organic Farming: Principles and Practices (Record no. 14269)

MARC details
000 -LEADER
fixed length control field 00320nam a22001217a 4500
020 ## - INTERNATIONAL STANDARD BOOK NUMBER
ISBN 9788126151011
082 ## - DEWEY DECIMAL CLASSIFICATION NUMBER
Classification number 631.584
Item number FIN/HA
245 ## - TITLE STATEMENT
Title Handbook of Organic Farming: Principles and Practices
260 ## - PUBLICATION, DISTRIBUTION, ETC. (IMPRINT)
Place of publication New Delhi
Name of publisher Anmol PUblications Pvt.Ltd
Year of publication 2013
300 ## - PHYSICAL DESCRIPTION
Number of Pages 344
700 ## - ADDED ENTRY--PERSONAL NAME
Personal name Finn,Reynold
942 ## - ADDED ENTRY ELEMENTS (KOHA)
Koha item type Books
Holdings
Withdrawn status Lost status Damaged status Collection code Home library Current library Shelving location Date acquired Source of acquisition Cost, normal purchase price Full call number Accession Number Koha item type
        KAUAET KAUAET General Stacks 10/06/2016 Cosmo Book House, Calicut 3000.00 631.584 FIN/HA 24350 Books
free website counter